000
00283nam a2200145Ia 4500
100
_a
Argerich/Luis
942
_c
BK
654
_a
PHP 4
245
_a
Professional PHP 4
260
_b
Shroff Pub.
_c
2002
082
_a
5.1
_b
ARG
300
_a
975
546
_a
ENGLISH
999
_c
23600
_d
23600